Ville européenne à pays °20 - Statistiques

Statistiques générales
  • Ce quiz a été pris 191 fois
    112 depuis la dernière actualisation
  • Le résultat moyen est 9 sur 15
Statistiques - réponses
Ville Pays % Correct
Vienne Autriche
100%
Strasbourg France
97%
Hanovre Allemagne
87%
Utrecht Pays-bas
82%
Odessa Ukraine
80%
Asturies Espagne
73%
Kaunas Lituanie
59%
Jyväskylä Finlande
57%
Constanța Roumanie
49%
Kolding Danemark
37%
Escaldes-Engordany Andorre
30%
Orenbourg Russie
30%
Jelgava Lettonie
28%
Prilep Macedoine du Nord
23%
Elbasan Albanie
20%
Aucun quiz correspondant
Distribution des résultats
% des personnes avec chaque résultat
Percentile par nombre de réponses
Votre historique - résultats
Vous n’avez pas pris ce quiz depuis la dernière actualisation